00363nam a2200133Ia 4500003000400000005001700004008004100021040001800062041000800080100005900088110002400147245003800171260002000209OSt20230529162133.0211028s2015 xx 000 0 und d cAIMIT LIBRARY aeng aTendolkar, Kedar Laxman; D'Souza, Manibhushan.e131928 aManibhushan D'Souza aFully responsive admin dashboard. aMangalorec2015